| 000 | 00526cam a22002171 4500 | ||
|---|---|---|---|
| 001 | sa 63002063 | ||
| 003 | DLC | ||
| 005 | 20260227111931.0 | ||
| 008 | 940930s1962 ii 000 0 beno | ||
| 010 | _asa 63002063 | ||
| 025 | _aPL480:I-B-258 | ||
| 035 | _a(OCoLC)31205786 | ||
| 040 |
_aDLC _cCU _dCU _dDLC |
||
| 050 | 0 | 0 |
_aPK1703 _b.M5 |
| 100 | 1 |
_aMitra, Haraprasad, _d1917- |
|
| 245 | 1 | 0 | _aSāhitya-bicintā. |
| 260 | _c[1962?] | ||
| 300 |
_a254 p. _c23 cm. |
||
| 500 | _aIn Bengali. | ||
| 650 | 0 | _aBengali literature. | |
| 999 |
_c54291 _d54291 |
||